000 00364nam a2200133Ia 4500
005 20251222141907.0
008 251222s9999||||xx |||||||||||||| ||spa||
020 _a84-7908-280-1
082 _a658.314.5/M27
100 _aMás Ruiz, Francisco José
245 0 _aCompetencia y Dinámica de Grupos Estratégicos:
264 _bUniversidad de Alicante
942 _cLIB
999 _c8258
_d8258